000 02509nam a2200229Ia 4500
001 15694
003 GE_BSU
008 181216s||||||||xx |||||||||||||| ||und||
040 _cGE_BSU
080 _a821.353.1-32+821.353.1-11
100 _aჭავჭავაძე, ი. (ილია, 1837-1907)
245 _aთხზულებათა სრული კრებული : 20 ტომად
245 _cრედ.: გიორგი ციციშვილი. ტექსტი გამოსაცემად მოამზადეს, ვარიანტები და შენიშვნები დაურთეს ე. შარაშენიძემ და ლ. სანაძემ ; ტომს იკონოგრაფიული მასალა და ფოტოდოკუმენტები დაურთო გ. შარაძემ.
260 _aთბილისი
260 _bსაბჭ. საქართველო
260 _c1988
300 _a668 გვ. : 1 ფ. პორტრ., 24 ფ. ფოტოდოკ. 20 სმ
653 _aდაუმთავრებელი მოთხრობები: დიამბეგობა; ცხოვრების გამონაცადი და გამონაფიქრი; კოლა და კაკო; გუბე; ზოგიერთი ხანა მოთხრობისა "მარგალიტი ლექსში"; კატო; იგი წავა და სხვა მოვა ტურფასა საბაღნაროსა; უღელტეხილი; უცნაური ამბავი; პატარა ამბავი; დედის ანდერძი; ვარიანტები და შენიშვნები
653 _aთხზულებათა სრული კრებული
653 _aმოთხრობები: მგზავრის წერილები; კაცია-ადამიანი?!; გლახის ნაამბობი; ამბავად გაგონილი; სარჩობელაზედ; ოთარაანთ ქვრივი; ნიკოლოზ გოსტაშაბიშვილი; პიესები: გლეხთა განთავისუფლების პირველდროების სცენები; მაჭანკალი;
942 _cBK
999 _c48792
_d48792